000 00558nam a2200229Ia 4500
003 OSt
005 20220924135504.0
006 a|||||r|||| 00| 0
007 ta
008 220923b |||||||| |||| 00| 0 ben d
024 _a291339
037 _cTextual
040 _aARTS
_cARTS
_bben
041 _2ben
_aben
082 _aO157wN, G0
100 _aSarojini Devi
_9210371
245 0 _aAdarsha jeevani
260 _c1930
650 _aBENGALI LITERATURE
942 _hO157wN, G0
_cTEXL
_2CC
999 _c440837
_d440837